| 000 | 01500nam a22002415i 4500 | ||
|---|---|---|---|
| 001 | 167038 | ||
| 003 | ES-MaACL | ||
| 005 | 20250809025049.0 | ||
| 008 | 990610m18351838fr |||| | fre d | ||
| 040 |
_aCCPB | B _bspa _cCCPB | B |
||
| 100 | 1 |
_aVattel, Emer de ( _d1714-1767) _9133571 |
|
| 245 | 1 | 3 |
_aLe droit des gens ou principes de la loi naturelle appliqués a la conduite et aux affaires des nations et des souverains / _cpar Vattel ; précédée d'un discours sur l'étude du droit de la nature et des gens par sir James Mackintosh ; traduit en français par M. P. Royer-Collard. |
| 250 |
_aNouvelle ed. rev. et corr. d'après les textes originaux, augm. de quelques remarques nouvelles et d'une bibliographie choisie et systématique du droit de la nature et des gens _bpar M. de Hoffmanns. |
||
| 260 |
_aParis : _ba la librairie diplomatique, française et étrangere de J. P. Aillaud, _c1835-1838. |
||
| 300 |
_a3 v. ; _c20 cm. |
||
| 505 | 8 | _aContiene : Tomo III : Notes et table générale analytique de l'ouvrage / par M. S. Pinheiro-Ferreira | |
| 650 | 0 | 7 |
_aDerecho internacional público _2embne _911723 |
| 700 | 1 |
_aMackintosh, James _c, Sir. _9129297 |
|
| 700 | 1 |
_aRoyer-Collard, Pierre-Paul. _9100216 |
|
| 700 | 2 |
_aPinheiro-Ferreira, Silvestre. _9131170 |
|
| 852 |
_aES-MaACL _jC-3815-17 _z-- Enc. hol. _x-- Edic.: T.I (VII, 516 p.) - T.II (458 p.) - T.III (VII, 587 p.) -- Imp. de los t.I-II: Typographie Rignoux y del t.III: Imprimerie de Casimir |
||
| 999 |
_c167038 _d167038 |
||